<?xml version="1.0" encoding="UTF-8"?>
<collection xmlns="http://www.loc.gov/MARC21/slim">
 <record>
  <leader>01138naa a2200217 i 4500</leader>
  <controlfield tag="001">acta85392</controlfield>
  <controlfield tag="005">20240902150840.0</controlfield>
  <controlfield tag="008">240902s2024    hu      o     100   hun d</controlfield>
  <datafield tag="020" ind1=" " ind2=" ">
   <subfield code="a">978-963-9223-25-7</subfield>
  </datafield>
  <datafield tag="040" ind1=" " ind2=" ">
   <subfield code="a">SZTE Egyetemi Kiadványok Repozitórium</subfield>
   <subfield code="b">hun</subfield>
  </datafield>
  <datafield tag="041" ind1=" " ind2=" ">
   <subfield code="a">hun</subfield>
  </datafield>
  <datafield tag="100" ind1="1" ind2=" ">
   <subfield code="a">Fóris Ákos</subfield>
  </datafield>
  <datafield tag="245" ind1="1" ind2="2">
   <subfield code="a">A magyar uralom és a helyi zsidóság Kelet-Galíciában, 1941 nyara </subfield>
   <subfield code="h">[elektronikus dokumentum] :</subfield>
   <subfield code="b">[absztrakt] /</subfield>
   <subfield code="c"> Fóris Ákos</subfield>
  </datafield>
  <datafield tag="260" ind1=" " ind2=" ">
   <subfield code="a">Magyar Történelmi Társulat Szegedi és Dél-alföldi Csoportja; Szegedi Tudományegyetem ÁJTK Politológiai Tanszék</subfield>
   <subfield code="b">Szeged</subfield>
   <subfield code="c">2024</subfield>
  </datafield>
  <datafield tag="300" ind1=" " ind2=" ">
   <subfield code="a">25</subfield>
  </datafield>
  <datafield tag="490" ind1="0" ind2=" ">
   <subfield code="a">A magyar holokauszt 80 év távlatából : jogfosztás - deportálás - emlékezés</subfield>
  </datafield>
  <datafield tag="650" ind1=" " ind2="4">
   <subfield code="a">Bölcsészettudományok</subfield>
  </datafield>
  <datafield tag="650" ind1=" " ind2="4">
   <subfield code="a">Történettudomány és régészet</subfield>
  </datafield>
  <datafield tag="695" ind1=" " ind2=" ">
   <subfield code="a">Zsidókérdés - előadáskivonat, Zsidóüldözés - előadáskivonat, Zsidók története - előadáskivonat</subfield>
  </datafield>
  <datafield tag="711" ind1=" " ind2=" ">
   <subfield code="a">A magyar holokauszt 80 év távlatából : jogfosztás - deportálás - emlékezés</subfield>
   <subfield code="c">Szeged</subfield>
   <subfield code="d">2024. június 6-7.</subfield>
  </datafield>
  <datafield tag="856" ind1="4" ind2="0">
   <subfield code="u">http://acta.bibl.u-szeged.hu/85392/1/holokauszt_80_2024_025.pdf</subfield>
   <subfield code="z">Dokumentum-elérés </subfield>
  </datafield>
 </record>
</collection>
